|
|
|
|
| LEADER |
00000cam a2200000 a 4500 |
| 001 |
vtls010275517 |
| 003 |
SK-MaSNL |
| 005 |
20260301031726.0 |
| 008 |
240314s2011 xo a g 000 j slo |
| 015 |
|
|
|a SNBA2011/09-05204
|
| 020 |
|
|
|a 9788097066109
|q (brož.)
|
| 035 |
|
|
|a 22D1E66C-4029-4D4A-AF7C-71E13B5EE3AC
|
| 035 |
|
|
|a urn:nbn:sk:snk-amjhq6
|
| 035 |
|
|
|a urn:nbn:sk:snk-am001z36
|
| 040 |
|
|
|a SNK
|b slo
|c SNK
|e AACR2
|
| 041 |
0 |
|
|a slo
|
| 044 |
|
|
|a xo
|c SK
|
| 072 |
|
7 |
|a 821.162.4-3
|x Slovenská próza
|2 konspekt
|
| 080 |
|
|
|a 821.162.4-32
|2 2001
|
| 100 |
1 |
|
|a Rozenbergová, Vanda,
|d 1971-
|4 aut
|9 136723
|
| 245 |
1 |
0 |
|a Vedľajšie účinky chovu drobných hlodavcov
|b (poviedky)
|c Vanda Rozenbergová ; [ilustrácie Aňa Ostrihoňová]
|
| 250 |
|
|
|a 1. vyd.
|
| 260 |
|
|
|a Bratislava
|b Inaque
|c 2011
|
| 300 |
|
|
|a 156 s.
|b ilustr.
|c 21 cm
|
| 500 |
|
|
|a Vydané pre Premedia Group
|
| 655 |
|
7 |
|a slovenské poviedky
|2 SNKPH
|9 70226
|
| 655 |
|
7 |
|a Slovak short stories
|2 SNKPHeng
|9 309577
|
| 700 |
1 |
|
|a Ostrihoňová, Aňa,
|d 1980-
|4 ill
|9 132099
|
| 852 |
|
|
|a Akadémia umení v Banskej Bystrici
|
| 919 |
|
|
|a 978-80-970661-0-9
|
| 958 |
|
|
|a LX
|
| 968 |
|
|
|d 821
|
| 999 |
|
|
|c 577206
|d 579136
|
| 952 |
|
|
|a SNK
|b SNK
|y PREZ
|7 0
|p 17A0717194
|o snkSC 146593
|i snk2011/18308
|8 0
|0 0
|1 0
|4 0
|d 2011-09-05
|l 0
|r 2025-07-15 00:00:00
|w 2026-02-23
|
| 952 |
|
|
|a SNK
|b SNK
|y VYP
|7 0
|p 17A0717193
|o snkSC 146593 D1
|i snk2011/18309
|8 0
|0 0
|1 0
|4 0
|d 2011-09-05
|l 0
|r 2026-02-23 14:37:36
|w 2026-02-23
|